Směry vědeckotechnického rozvoje
Salvato in:
| Autore principale: | |
|---|---|
| Ente Autore: | |
| Natura: | Libro |
| Lingua: | ceco |
| Pubblicazione: |
Praha
Státní pedagogické nakladatelství
1988
|
| Edizione: | 1. vyd. |
| Tags: |
Nessun Tag, puoi essere il primo ad aggiungerne!!
|
MARC
| LEADER | 00000nam a2200000 4500 | ||
|---|---|---|---|
| 001 | c035340 | ||
| 005 | 20221219085729.6 | ||
| 041 | 0 | |a cze | |
| 044 | |a CZ | ||
| 245 | 1 | 0 | |a Směry vědeckotechnického rozvoje |c Rudolf Štefan a kol. |
| 250 | |a 1. vyd. | ||
| 264 | 1 | |a Praha |b Státní pedagogické nakladatelství |c 1988 | |
| 300 | |a 150 s. | ||
| 100 | 1 | |a Štefan, Rudolf | |
| 710 | 2 | |a Vysoká škola ekonomická v Praze. Výrobně ekonomická fakulta | |